00575nam a2200157Ia 4500008004100000082001800041100001100059245004300070260003000113300001000143630001800153650009200171942000900263952012800272999001700400211109s9999||||xx |||||||||||||| ||und|| a530.11bRAY-T aRay, M 0aTheory of Relativity Special & General bS.Chand & CoaDelhic1970 a293p. xGeneral Stack aRelativity (Physics)vSpecial relativity (Physics)General relativity (Physics)xPhysics cBOOK 00104070aSBCLbSBCLc2d2021-11-09g100.00l2o530.11 RAY-Tp00035495r2024-01-03 00:00:00s2023-12-16w2021-11-09yBOOK c34257d34257